000 00350nam a2200133Ia 4500
008 231129s9999||||xx |||||||||||||| ||spa||
020 _a958-28-0148-4 (Colec
040 _bspa
082 _aE863.44 B467ba
100 _aBení­tez J.J
245 0 _aCaballo de troya
264 _aCirculo de Lectores
942 _2ddc
_cBKS
999 _c6404
_d6404